000 01156nam0a22002891 4500
001 rc\4264188
005 20250611144127.0
021 _aRU
_b[66-102988]
035 _a(NLR Aleph) 008238877
090 _a8264489
_c8264489
100 _a20130416d1966 |||y0rusy50 ca
101 0 _arus
102 _aRU
105 _ac z |||||
200 1 _aЛада
_f[Предисл. С. Смирнова]
210 _aМосква
_cМоск. рабочий
_d1966
215 _a111 с., 1 л. портр.
_d14
225 1 _aНовые стихи
327 1 _aСодерж.: Моя точка зрения; Циклы: Майские сонеты; Четыре целины; Из "сундука сказок"; Мать. (Из поэмы)
464 0 _12001#$aМоя точка зрения$aМайские сонеты$aЧетыре целины$aИз "сундука сказок"$aМать$e(Из поэмы)
_tМать
700 1 _aБлынский
_bД.И.
_f1932-1965
_gДмитрий Иванович
702 1 _aСмирнов
_bС.
_4080
801 0 _aRU
_bNLR
_gpsbo
801 1 _aRU
_bELAR
_2rusmarc
852 _aNLR
_j67-1/71
942 _cBOOK
980 _aNB